000 01591cam a2200301 4500
001 J127781
008 041020n2004 000 0 eng u
020 _a1842192450
035 _a(Sirsi) u127781
041 _aeng
050 _a344.410465
110 _aRoyal Institution of Chartered Surveyors
_bHealth and Safety Forum
_94653
245 _aSurveying safely
_byour guide to personal safety at work
260 _aLondon
_bRICS
_c2004
300 _a15p.
_c30cm.
520 _aThis short guide prepared by RICS Health and Safety Forum highlights the importance of health and safety in the workplace. Discusses: employer's duties and responsibilities under relevant health and safety legislation; identifying hazards and undertaking risk assessments; safety before and during visits to premises/sites; personal safety and safety of others; legal duties; and case studies. Includes websites for further information.
520 _aSupersedes 2002 edition (J117488).
650 _aWORKPLACE (HEALTH, SAFETY AND WELFARE) REGULATIONS 1992
650 _aMANAGEMENT OF HEALTH AND SAFETY AT WORK REGULATIONS 1999
650 _aPERSONAL SAFETY
650 _aRISK ASSESSMENT
650 _aHEALTH AND SAFETY AT WORK ETC ACT 1974
650 _aCONSTRUCTION SITES
690 _aMANAGEMENT-HEALTH AND SAFETY
710 _aRoyal Institution of Chartered Surveyors
_94900
856 _uhttps://www.isurv.com/downloads/file/217/archive_surveying_safely
_zA version of this was included in the Surv;eyors' Construction Handbook available on isurv (subscription required)
942 _n0
_2ddc
999 _c103824
_d103824